000 00554nam a2200217Ia 4500
001 13864
003 GE_BSU
008 181216s||||||||xx |||||||||||||| ||und||
020 _a074601077X
040 _cGE_BSU
080 _a910
100 _aHindley,Judy.
245 4 _aThe time traveller book of khights and castles.
245 _cIllustrated by Toni Goffe,designed by John Jamieson.
260 _aLondon.
260 _c1993
300 _a128p;28cm.
300 _bill.
653 _aThe time traveller book of khights and castles.
942 _cBK
999 _c47008
_d47008